[Event "Feffernitz op 31st"]
[Site "Feffernitz"]
[Date "2022.08.07"]
[Round "3"]
[White "Joppien, Arne"]
[Black "Hoffmann, Achim Gunter"]
[Result "0-1"]
[WhiteElo "1871"]
[BlackElo "2125"]
[PlyCount "56"]
[EventDate "2022.08.06"]
[EventType "swiss"]
[EventRounds "9"]
[EventCountry "AUT"]
[SourceTitle "CBM 209 Extra"]
[Source "ChessBase"]
[SourceDate "2022.09.30"]
[SourceVersion "1"]
[SourceVersionDate "2022.09.30"]
[SourceQuality "1"]

1. c4 e5 2. Nc3 Nc6 3. g3 f5 4. Bg2 Nf6 5. d3 Bb4 6. e3 Bxc3+ 7. bxc3 0-0 8. Ne2 d6 9. 0-0 Ne7 10. d4 Ng6 11. f4 e4 12. Ba3 c6 13. c5 d5 14. Qb3 Rf7 15. c4 Be6 16. cxd5 Nxd5 17. Bc1 Ndxf4 18. Qc2 Nxe2+ 19. Qxe2 Ne7 20. Rb1 b5 21. cxb6 axb6 22. a3 b5 23. Qh5 Nd5 24. h3 Rf6 25. Ra1 Rg6 26. Kf2 Qd6 27. Qh4 Nb4 28. g4 Rh6 0-1

[Event "Lueneburg op-A"]
[Site "Lueneburg"]
[Date "2019.08.11"]
[Round "9"]
[White "Joppien, Arne"]
[Black "David, Martin1"]
[Result "1-0"]
[WhiteElo "1940"]
[BlackElo "1494"]
[PlyCount "81"]
[EventDate "2019.08.03"]
[EventType "swiss"]
[EventRounds "9"]
[EventCountry "GER"]
[SourceTitle "CBM 191 Extra"]
[Source "ChessBase"]
[SourceDate "2019.09.30"]
[SourceVersion "1"]
[SourceVersionDate "2019.09.30"]
[SourceQuality "1"]

1. d4 Nf6 2. c4 g6 3. Nc3 Bg7 4. e4 d6 5. Nf3 0-0 6. Be2 e5 7. Be3 Nc6 8. h3 Re8 9. d5 Ne7 10. g4 c6 11. Qd2 a6 12. 0-0-0 c5 13. Bd3 Bd7 14. Ne2 b5 15. Ng3 bxc4 16. Bxc4 Bb5 17. Qc3 Qd7 18. g5 Nh5 19. Nxh5 gxh5 20. Nh4 Ng6 21. Nf5 Bh8 22. Kb1 Reb8 23. Rd2 Rb7 24. Be2 h4 25. Bh5 Rab8 26. Bxg6 hxg6 27. Nxh4 Rb6 28. Nf3 Bg7 29. Ng1 Bf1 30. f3 Qb7 31. Rf2 Rb5 32. Bc1 f6 33. gxf6 Bxf6 34. Rxf1 Bg5 35. Rh2 Bd8 36. Rg2 Kf7 37. f4 Bf6 38. fxe5 dxe5 39. Rgf2 Rb6 40. Bg5 Rxb2+ 41. Rxb2 1-0

[Event "Lueneburg op-A"]
[Site "Lueneburg"]
[Date "2019.08.06"]
[Round "4"]
[White "Chennaoui, Yasin"]
[Black "Joppien, Arne"]
[Result "1-0"]
[WhiteElo "2092"]
[BlackElo "1940"]
[PlyCount "105"]
[EventDate "2019.08.03"]
[EventType "swiss"]
[EventRounds "9"]
[EventCountry "GER"]
[SourceTitle "CBM 191 Extra"]
[Source "ChessBase"]
[SourceDate "2019.09.30"]
[SourceVersion "1"]
[SourceVersionDate "2019.09.30"]
[SourceQuality "1"]

1. c4 e5 2. g3 Nf6 3. Bg2 Bc5 4. a3 a5 5. Nc3 0-0 6. e3 Nc6 7. Nge2 d6 8. 0-0 Bg4 9. h3 Bxe2 10. Nxe2 h6 11. Rb1 Re8 12. b4 axb4 13. axb4 Bb6 14. d4 exd4 15. exd4 Qe7 16. Be3 Ra3 17. Qc1 Rxe3 18. Qxe3 Qxe3 19. fxe3 Rxe3 20. Kf2 Re8 21. Bxc6 bxc6 22. c5 Ne4+ 23. Ke1 Nxg3 24. Rf2 Ba7 25. Ra1 Bb8 26. Ra3 Ne4 27. Re3 Kf8 28. Rf4 Nf6 29. Rxe8+ Kxe8 30. Nc3 Ke7 31. Kd2 Ke6 32. Rf1 g5 33. Ra1 Kd7 34. Ra6 Ng8 35. b5 cxb5 36. c6+ Kc8 37. Nd5 f5 38. Ra8 h5 39. Ke3 h4 40. Kf3 Nh6 41. Ne7+ Kd8 42. Ng8 g4+ 43. Kg2 Nxg8 44. Rxb8+ Ke7 45. Rxg8 d5 46. hxg4 fxg4 47. Rxg4 b4 48. Rxh4 b3 49. Rh7+ Kd6 50. Rh6+ Ke7 51. Rh3 Kd6 52. Rxb3 Kxc6 53. Kf3 1-0

[Event "Lueneburg op-A"]
[Site "Lueneburg"]
[Date "2019.08.04"]
[Round "2"]
[White "Ramme, Christoph"]
[Black "Joppien, Arne"]
[Result "1-0"]
[WhiteElo "2154"]
[BlackElo "1940"]
[PlyCount "103"]
[EventDate "2019.08.03"]
[EventType "swiss"]
[EventRounds "9"]
[EventCountry "GER"]
[SourceTitle "CBM 191 Extra"]
[Source "ChessBase"]
[SourceDate "2019.09.30"]
[SourceVersion "1"]
[SourceVersionDate "2019.09.30"]
[SourceQuality "1"]

1. e4 c6 2. d4 d5 3. exd5 cxd5 4. c4 e6 5. Nc3 Nf6 6. Nf3 Nc6 7. Bg5 Be7 8. c5 Ne4 9. Bxe7 Qxe7 10. Qc2 Nxc3 11. Qxc3 0-0 12. Bb5 Nb8 13. 0-0 a6 14. Bd3 Bd7 15. b4 Rc8 16. Qc2 g6 17. Qe2 Ba4 18. Rfe1 Nd7 19. Rac1 Re8 20. Bc2 Bxc2 21. Qxc2 f6 22. Qb3 Qf7 23. a4 e5 24. dxe5 Nxe5 25. Nxe5 fxe5 26. c6 bxc6 27. Rxc6 Rf8 28. Qb2 e4 29. h3 Qg7 30. Qd2 Qe5 31. Rd1 Rad8 32. Qd4 Qh5 33. Rxa6 Qe2 34. Ra7 Rf7 35. Rxf7 Kxf7 36. Rc1 Ke6 37. b5 Rd6 38. b6 Qa6 39. Rb1 Qb7 40. a5 Rd8 41. Qa4 Ra8 42. Qb5 h5 43. a6 Rxa6 44. Qxa6 Qxa6 45. b7 Qd3 46. b8Q Kf5 47. Qb3 g5 48. Qxd3 exd3 49. Kf1 Ke4 50. Ke1 g4 51. hxg4 hxg4 52. Kd2 1-0

[Event "Berlin Lichtenberger op 17th"]
[Site "Berlin"]
[Date "2018.08.25"]
[Round "8"]
[White "Krefenstein, Sergej"]
[Black "Joppien, Arne"]
[Result "0-1"]
[WhiteElo "2120"]
[BlackElo "1921"]
[PlyCount "92"]
[EventDate "2018.08.18"]
[EventType "swiss"]
[EventRounds "9"]
[EventCountry "GER"]
[SourceTitle "CBM 186 Extra"]
[Source "ChessBase"]
[SourceDate "2018.08.24"]
[SourceVersion "1"]
[SourceVersionDate "2018.08.24"]
[SourceQuality "1"]

1. Nf3 d5 2. c4 e6 3. g3 c6 4. Bg2 Nf6 5. b3 d4 6. 0-0 c5 7. d3 Nc6 8. e3 Be7 9. exd4 cxd4 10. Re1 0-0 11. Bb2 Rb8 12. Na3 Bxa3 13. Bxa3 Re8 14. b4 b5 15. Nd2 Bd7 16. cxb5 Rxb5 17. Nc4 Qb8 18. Bb2 Rd8 19. a4 Rxb4 20. Ba3 Rb7 21. Nd6 Rb3 22. Nb5 Rxb5 23. axb5 Qxb5 24. Qc2 a5 25. Reb1 Nb4 26. Bxb4 axb4 27. Rb3 Rc8 28. Qb1 Nd5 29. Ra7 g6 30. h4 e5 31. Qa1 Nc3 32. Rb7 Qxd3 33. Rxd7 Ne2+ 34. Kh2 Qxb3 35. Qa6 Qc2 36. Qf6 Qf5 37. Qe7 b3 38. f4 Nxf4 39. g4 Qe6 40. Rd8+ Rxd8 41. Qxd8+ Kg7 42. g5 Nxg2 43. Kxg2 Qg4+ 44. Kf1 Qf4+ 45. Kg2 b2 46. h5 gxh5 0-1

[Event "Berlin Lichtenberger op 17th"]
[Site "Berlin"]
[Date "2018.08.24"]
[Round "7"]
[White "Joppien, Arne"]
[Black "Segerberg, Tomas Olof"]
[Result "1-0"]
[WhiteElo "1921"]
[BlackElo "2101"]
[PlyCount "149"]
[EventDate "2018.08.18"]
[EventType "swiss"]
[EventRounds "9"]
[EventCountry "GER"]
[SourceTitle "CBM 186 Extra"]
[Source "ChessBase"]
[SourceDate "2018.08.24"]
[SourceVersion "1"]
[SourceVersionDate "2018.08.24"]
[SourceQuality "1"]

1. d4 e6 2. e4 d5 3. Nc3 Bb4 4. exd5 exd5 5. Nf3 Ne7 6. Be2 Nbc6 7. 0-0 Bf5 8. Bg5 f6 9. Bf4 Bd6 10. Bxd6 Qxd6 11. a3 0-0-0 12. b4 g5 13. Na4 Ng6 14. c3 Nf4 15. Nc5 Nb8 16. Re1 Nxe2+ 17. Qxe2 b6 18. Nb3 Bd7 19. b5 Rde8 20. Qd3 h5 21. a4 h4 22. a5 Qf4 23. axb6 axb6 24. c4 Bf5 25. Qc3 dxc4 26. Nbd2 Rxe1+ 27. Nxe1 Bd3 28. Nxc4 Bxc4 29. Qxc4 Re8 30. Nc2 h3 31. gxh3 Qe4 32. Ne3 Rd8 33. Rc1 Rd7 34. Rd1 Kb7 35. Ng4 Qf4 36. Qd3 Rd6 37. Ne3 Nd7 38. Ng2 Ne5 39. Nxf4 Nxd3 40. Nxd3 Rd5 41. Rb1 Rxd4 42. Rb3 c6 43. bxc6+ Kxc6 44. Kf1 b5 45. Ke2 Rh4 46. Nb4+ Kc5 47. Nd3+ Kc6 48. Ne1 Kc5 49. Nc2 f5 50. Rc3+ Kb6 51. Rg3 f4 52. Rxg5 Rxh3 53. Nd4 Rxh2 54. Rxb5+ Kc7 55. Rf5 Kd6 56. Nf3 Rh1 57. Rxf4 Ke6 58. Ke3 Ra1 59. Re4+ Kf6 60. Nd4 Ra2 61. f3 Ra3+ 62. Kf4 Ra5 63. Re6+ Kf7 64. Rb6 Ra4 65. Ke5 Ra5+ 66. Rb5 Ra4 67. f4 Ra1 68. Rb7+ Ke8 69. f5 Re1+ 70. Kf6 Rf1 71. Re7+ Kf8 72. Ne6+ Kg8 73. Re8+ Kh7 74. Ng5+ Kh6 75. Rh8# 1-0

[Event "Berlin Lichtenberger op 17th"]
[Site "Berlin"]
[Date "2018.08.19"]
[Round "2"]
[White "Boetzer, Detlef"]
[Black "Joppien, Arne"]
[Result "1-0"]
[WhiteElo "2218"]
[BlackElo "1921"]
[PlyCount "55"]
[EventDate "2018.08.18"]
[EventType "swiss"]
[EventRounds "9"]
[EventCountry "GER"]
[SourceTitle "CBM 186 Extra"]
[Source "ChessBase"]
[SourceDate "2018.08.24"]
[SourceVersion "1"]
[SourceVersionDate "2018.08.24"]
[SourceQuality "1"]

1. e4 c6 2. c4 d5 3. exd5 cxd5 4. cxd5 Qxd5 5. Nc3 Qa5 6. d4 e6 7. Nf3 Nf6 8. Bd3 Be7 9. 0-0 0-0 10. Re1 Nc6 11. a3 b6 12. Nb5 Bb4 13. Nd2 Bxd2 14. Bxd2 Qa6 15. Bg5 Nd5 16. Nc7 Qb7 17. Nxa8 Qxa8 18. Be4 f6 19. Bxd5 exd5 20. Bf4 Bf5 21. Rc1 Qb7 22. b4 Rc8 23. b5 Na5 24. Rxc8+ Bxc8 25. Qh5 g6 26. Qe2 Bd7 27. Qe7 Bc8 28. Bh6 1-0

[Event "Berlin Lichtenberger op 17th"]
[Site "Berlin"]
[Date "2018.08.18"]
[Round "1"]
[White "Joppien, Arne"]
[Black "Pathasart, Somchay"]
[Result "1-0"]
[WhiteElo "1921"]
[BlackElo "1750"]
[PlyCount "63"]
[EventDate "2018.08.18"]
[EventType "swiss"]
[EventRounds "9"]
[EventCountry "GER"]
[SourceTitle "CBM 186 Extra"]
[Source "ChessBase"]
[SourceDate "2018.08.24"]
[SourceVersion "1"]
[SourceVersionDate "2018.08.24"]
[SourceQuality "1"]

1. d4 d5 2. Nf3 Nf6 3. Bf4 e6 4. e3 Nc6 5. c4 Be7 6. Nc3 a6 7. a3 0-0 8. c5 Nh5 9. Bg3 Nxg3 10. hxg3 f5 11. b4 Bd7 12. Bd3 b6 13. g4 Be8 14. gxf5 exf5 15. Qc2 Qd7 16. cxb6 cxb6 17. Nxd5 Bd8 18. Bc4 Kh8 19. Ke2 b5 20. Bb3 Rc8 21. Qd1 Bf7 22. Nf4 Bc4+ 23. Bxc4 bxc4 24. Ng6+ Kg8 25. Nxf8 Kxf8 26. Rxh7 Ne7 27. Ne5 Qb5 28. Rh8+ Ng8 29. Qc2 c3+ 30. Ke1 Bf6 31. Qxf5 Qb7 32. Qe6 1-0

[Event "Arber op 5th"]
[Site "Bodenmais"]
[Date "2016.07.31"]
[Round "2"]
[White "Joppien, Arne"]
[Black "Miesbauer, Jan"]
[Result "0-1"]
[WhiteElo "1988"]
[BlackElo "2321"]
[PlyCount "84"]
[EventDate "2016.07.30"]
[EventType "swiss"]
[EventRounds "9"]
[EventCountry "GER"]
[SourceTitle "CBM 173 Extra"]
[Source "ChessBase"]
[SourceDate "2016.08.29"]
[SourceVersion "1"]
[SourceVersionDate "2016.08.29"]
[SourceQuality "1"]

1. e4 c5 2. Nc3 Nc6 3. f4 g6 4. Nf3 Bg7 5. g3 d6 6. Bg2 e6 7. 0-0 Nge7 8. Ne2 e5 9. d3 0-0 10. c3 exf4 11. Nxf4 Bg4 12. h3 Bxf3 13. Qxf3 b5 14. a3 Rb8 15. Be3 a5 16. Rad1 b4 17. axb4 axb4 18. d4 Qa5 19. Ne2 bxc3 20. bxc3 Rb2 21. Bc1 Rc2 22. Qd3 Qa2 23. Rd2 Rxd2 24. Bxd2 Rb8 25. Bf4 Rd8 26. Rd1 h6 27. Rd2 Qa4 28. h4 Qb3 29. Qe3 cxd4 30. cxd4 Qb1+ 31. Kh2 Kh7 32. Qa3 Qe1 33. Qd3 Qa1 34. h5 Qa4 35. hxg6+ Nxg6 36. Be3 Rb8 37. Rc2 Nb4 38. Rc4 Qb5 39. Qc3 Qh5+ 40. Kg1 Qxe2 41. Bxh6 Bxh6 42. Kh2 Qc2 0-1

[Event "Hofheim Spring op-A 4th"]
[Site "Hofheim"]
[Date "2016.04.01"]
[Round "7"]
[White "Krastev, Alexander"]
[Black "Joppien, Arne"]
[Result "1-0"]
[WhiteElo "1947"]
[BlackElo "1985"]
[PlyCount "47"]
[EventDate "2016.03.29"]
[EventType "swiss"]
[EventRounds "9"]
[EventCountry "GER"]
[SourceTitle "CBM 171 Extra"]
[Source "ChessBase"]
[SourceDate "2016.04.26"]
[SourceVersion "1"]
[SourceVersionDate "2016.04.26"]
[SourceQuality "1"]

1. e4 e5 2. Nf3 Nc6 3. Bc4 Nf6 4. d3 Bc5 5. c3 d6 6. Bb3 Bg4 7. Nbd2 0-0 8. h3 Bxf3 9. Qxf3 Ne7 10. Nf1 d5 11. Ng3 dxe4 12. dxe4 Ng6 13. Nf5 Qd7 14. Bg5 Nf4 15. Bxf6 Nd3+ 16. Kf1 Nxf2 17. Rh2 Qd3+ 18. Qxd3 Nxd3 19. Bxg7 Rfe8 20. Bf6 Nxb2 21. g3 Nd3 22. Rd1 Nf2 23. Rxf2 Bxf2 24. Kxf2 1-0

[Event "Hofheim Spring op-A 4th"]
[Site "Hofheim"]
[Date "2016.03.31"]
[Round "5"]
[White "Koellner, Christof"]
[Black "Joppien, Arne"]
[Result "1-0"]
[WhiteElo "2111"]
[BlackElo "1985"]
[PlyCount "116"]
[EventDate "2016.03.29"]
[EventType "swiss"]
[EventRounds "9"]
[EventCountry "GER"]
[SourceTitle "CBM 171 Extra"]
[Source "ChessBase"]
[SourceDate "2016.04.26"]
[SourceVersion "1"]
[SourceVersionDate "2016.04.26"]
[SourceQuality "1"]

1. d4 Nf6 2. Nf3 d5 3. e3 Bf5 4. Bd3 Bxd3 5. cxd3 e6 6. Qb3 b6 7. 0-0 Bd6 8. Nc3 0-0 9. e4 Be7 10. Bf4 c5 11. dxc5 Bxc5 12. Bg5 dxe4 13. dxe4 h6 14. Rad1 Qe7 15. Bh4 g5 16. Nxg5 hxg5 17. Bxg5 Nc6 18. e5 Nxe5 19. Ne4 Nxe4 20. Bxe7 Bxe7 21. Rfe1 Nc5 22. Qg3+ Ng6 23. b4 Bh4 24. Qg4 Na4 25. g3 Bf6 26. Rxe6 Bg7 27. Red6 Rfe8 28. Qf5 Nc3 29. Rf1 Re5 30. Qf3 Ne2+ 31. Kh1 Rae8 32. h4 Re4 33. Rd7 R4e7 34. Rxe7 Rxe7 35. h5 Nf8 36. Kg2 Nd4 37. Qg4 Kh7 38. Rd1 f5 39. Qg5 Rf7 40. Qd8 Nde6 41. Qe8 Kg8 42. Re1 Nc7 43. Qb8 Nd5 44. a3 f4 45. g4 f3+ 46. Kg3 Bh6 47. Qd8 Bf4+ 48. Kh3 Rd7 49. Qc8 Bg5 50. Re8 Nf4+ 51. Kg3 Rf7 52. Kxf3 Nd3+ 53. Ke2 Nxf2 54. Qc6 Nh3 55. Qg6+ Rg7 56. Qe6+ Rf7 57. Kd1 Kg7 58. Qe5+ Bf6 1-0

[Event "Hofheim Spring op-A 4th"]
[Site "Hofheim"]
[Date "2016.03.29"]
[Round "1"]
[White "Henrich, David"]
[Black "Joppien, Arne"]
[Result "1/2-1/2"]
[WhiteElo "2157"]
[BlackElo "1985"]
[PlyCount "92"]
[EventDate "2016.03.29"]
[EventType "swiss"]
[EventRounds "9"]
[EventCountry "GER"]
[SourceTitle "CBM 171 Extra"]
[Source "ChessBase"]
[SourceDate "2016.04.26"]
[SourceVersion "1"]
[SourceVersionDate "2016.04.26"]
[SourceQuality "1"]

1. c4 e5 2. g3 Nf6 3. Bg2 c6 4. d4 exd4 5. Qxd4 Bb4+ 6. Bd2 Bxd2+ 7. Nxd2 d5 8. Ngf3 0-0 9. 0-0 Qe7 10. Rfe1 dxc4 11. Qxc4 Be6 12. Qc2 Rd8 13. e4 Na6 14. a3 h6 15. b4 c5 16. b5 Nc7 17. a4 b6 18. Nc4 Bxc4 19. Qxc4 Rd7 20. Bh3 Ne6 21. e5 Nd5 22. Nh4 g6 23. Bxe6 Qxe6 24. Nf3 Rad8 25. Qh4 Kg7 26. Re4 Ne7 27. Rae1 Nf5 28. Qf4 Ne7 29. h4 Nd5 30. Qc1 Nb4 31. Rf1 Rd3 32. Nh2 h5 33. Rfe1 R3d4 34. Nf3 Rxe4 35. Rxe4 Qb3 36. Qf4 Rd1+ 37. Kg2 Nd5 38. Qg5 Qd3 39. Re1 Rxe1 40. Nxe1 Qe4+ 41. Nf3 Qxa4 42. e6 Qe4 43. exf7 Kxf7 44. Qd8 c4 45. Qd7+ Kf6 46. Qc6+ Ke7 1/2-1/2

[Event "Kiel op-A 26th"]
[Site "Kiel"]
[Date "2013.07.27"]
[Round "2"]
[White "Lanka, Zigurds"]
[Black "Joppien, Arne"]
[Result "1-0"]
[WhiteElo "2427"]
[BlackElo "2053"]
[PlyCount "87"]
[EventDate "2013.07.27"]
[EventType "swiss"]
[EventRounds "9"]
[EventCountry "GER"]
[SourceTitle "EXT 2018"]
[Source "ChessBase"]
[SourceDate "2017.10.13"]
[SourceVersion "1"]
[SourceVersionDate "2017.10.13"]
[SourceQuality "1"]

1. e4 e5 2. Nf3 Nc6 3. Bb5 a6 4. Ba4 Nf6 5. 0-0 b5 6. Bb3 Be7 7. d3 0-0 8. Re1 d6 9. c3 Be6 10. Bc2 Bg4 11. Nbd2 d5 12. h3 Bxf3 13. Qxf3 d4 14. Nf1 dxc3 15. bxc3 b4 16. Ba4 Qd6 17. Ne3 g6 18. Nc4 Qe6 19. Bxc6 Qxc6 20. Bd2 Qe6 21. cxb4 Rfd8 22. a4 Nh5 23. Red1 Rab8 24. Rab1 f6 25. b5 axb5 26. axb5 Qd7 27. Qg4 Ng7 28. Be3 Qxg4 29. hxg4 Ne6 30. Na5 Ra8 31. Nc6 Rd7 32. g5 Kf7 33. g3 Ra3 34. b6 cxb6 35. Rxb6 Bd6 36. gxf6 Bc7 37. Rb7 Kxf6 38. Nb4 Rb3 39. Nd5+ Rxd5 40. Rxb3 Rd6 41. Rc1 Bd8 42. f4 h5 43. fxe5+ Kxe5 44. Rc5+ 1-0

[Event "Leipzig VfB op 20th"]
[Site "Leipzig"]
[Date "2013.03.07"]
[Round "4"]
[White "Joppien, Arne"]
[Black "Braun, Gottfried"]
[Result "0-1"]
[WhiteElo "2077"]
[BlackElo "2253"]
[PlyCount "92"]
[EventDate "2013.03.05"]
[EventType "swiss"]
[EventRounds "9"]
[EventCountry "GER"]
[SourceTitle "EXT 2014"]
[Source "ChessBase"]
[SourceDate "2013.11.20"]
[SourceVersion "1"]
[SourceVersionDate "2013.11.20"]
[SourceQuality "1"]

1. c4 e5 2. Nc3 d6 3. g3 f5 4. Bg2 Nf6 5. d3 Be7 6. Bg5 0-0 7. e3 c6 8. Bxf6 Bxf6 9. Nge2 Be6 10. 0-0 Nd7 11. b4 Nb6 12. Rc1 Qd7 13. Qd2 Rad8 14. Rfd1 Bf7 15. a4 Nc8 16. b5 Ne7 17. bxc6 bxc6 18. Nb1 Bh5 19. d4 e4 20. Re1 g5 21. Qc2 Rb8 22. Nd2 c5 23. dxc5 Rb2 24. Qd1 dxc5 25. Rc2 Rd8 26. Qa1 Rxc2 27. Qxf6 Rxd2 28. Qxg5+ Bg6 29. Nf4 Rd1 30. Rxd1 Qxd1+ 31. Bf1 Qd6 32. h4 Kg7 33. Bh3 Rf8 34. h5 h6 35. Qh4 Be8 36. g4 Kh8 37. gxf5 Nxf5 38. Bxf5 Rxf5 39. Nd5 Rg5+ 40. Kf1 Qe5 41. Nf4 Qa1+ 42. Ke2 Qb2+ 43. Kf1 Bf7 44. Ng6+ Bxg6 45. hxg6 Qb1+ 46. Ke2 Qd3+ 0-1

[Event "Leipzig VfB op 20th"]
[Site "Leipzig"]
[Date "2013.03.05"]
[Round "1"]
[White "Krajinski, Lutz"]
[Black "Joppien, Arne"]
[Result "0-1"]
[WhiteElo "1752"]
[BlackElo "2077"]
[PlyCount "68"]
[EventDate "2013.03.05"]
[EventType "swiss"]
[EventRounds "9"]
[EventCountry "GER"]
[SourceTitle "EXT 2014"]
[Source "ChessBase"]
[SourceDate "2013.11.20"]
[SourceVersion "1"]
[SourceVersionDate "2013.11.20"]
[SourceQuality "1"]

1. c4 e5 2. Nc3 Nf6 3. Nf3 Nc6 4. g3 Bc5 5. e3 d6 6. a3 Bg4 7. d3 a5 8. Bg2 0-0 9. b3 d5 10. cxd5 Nxd5 11. Bb2 Nxc3 12. Bxc3 Qd6 13. Qc2 Bxf3 14. Bxf3 Bxa3 15. 0-0 Bb4 16. Bb2 Nd8 17. d4 exd4 18. Bxd4 c6 19. Qb2 f6 20. Qc2 Ne6 21. Bb2 Ng5 22. Bg2 Rfd8 23. h4 Ne6 24. Qc4 Kh8 25. Rac1 Nf8 26. Bd4 Qe6 27. Qc2 Rd6 28. Rfd1 Rad8 29. Bf3 Ng6 30. Be4 c5 31. Bf5 Qe8 32. Bxg6 Qxg6 33. Bxc5 Qxc2 34. Rxc2 Rxd1+ 0-1

[Event "Dortmund Sparkassen op-A"]
[Site "Dortmund"]
[Date "2012.07.18"]
[Round "5"]
[White "Joppien, Arne"]
[Black "Simanowski, Mio"]
[Result "1-0"]
[WhiteElo "2079"]
[BlackElo "1858"]
[PlyCount "99"]
[EventDate "2012.07.14"]
[EventType "swiss"]
[EventRounds "9"]
[EventCountry "GER"]
[SourceTitle "CBM 149 Extra"]
[Source "ChessBase"]
[SourceDate "2012.08.24"]
[SourceVersion "1"]
[SourceVersionDate "2012.08.24"]
[SourceQuality "1"]

1. d4 d5 2. Nf3 Nf6 3. Bf4 c6 4. e3 Bf5 5. Be2 e6 6. 0-0 Be7 7. h3 Nbd7 8. c4 Qb6 9. b3 h6 10. c5 Qd8 11. Nc3 0-0 12. b4 Ne4 13. Nxe4 Bxe4 14. a4 Qc8 15. b5 f6 16. Qb3 e5 17. Bg3 exd4 18. exd4 f5 19. Nd2 Bg5 20. Nxe4 fxe4 21. Bd6 Re8 22. Bh5 Re6 23. Bg4 Re8 24. Rfe1 b6 25. bxc6 Qxc6 26. Qb5 Qxb5 27. axb5 Nf6 28. Ra4 Nxg4 29. hxg4 bxc5 30. Bxc5 Bd8 31. Rxa7 Rxa7 32. Bxa7 Re7 33. Bc5 Rb7 34. Rb1 Kf7 35. Kf1 Kf6 36. Ke2 Kg5 37. f3 Bc7 38. fxe4 dxe4 39. Ke3 Kxg4 40. Kxe4 Kg3 41. Rb2 g5 42. d5 Bd8 43. b6 Bf6 44. Bd6+ Kg4 45. Rb3 Bd8 46. Bc5 h5 47. d6 h4 48. Kd5 Kf4 49. Kc6 Bxb6 50. Bxb6 1-0

[Event "Dresden ZMD op 20th"]
[Site "Dresden"]
[Date "2011.08.07"]
[Round "2"]
[White "Joppien, Arne"]
[Black "Lorscheid, Gerhard"]
[Result "0-1"]
[WhiteElo "2102"]
[BlackElo "2265"]
[PlyCount "128"]
[EventDate "2011.08.06"]
[EventType "swiss"]
[EventRounds "9"]
[EventCountry "GER"]
[SourceTitle "CBM 143 Extra"]
[Source "ChessBase"]
[SourceDate "2011.08.29"]
[SourceVersion "1"]
[SourceVersionDate "2011.08.29"]
[SourceQuality "1"]

1. d4 d5 2. e3 Nf6 3. Bd3 Bg4 4. f3 Bh5 5. Ne2 c6 6. Nf4 Bg6 7. Nxg6 hxg6 8. Nd2 Nbd7 9. f4 e6 10. Nf3 Be7 11. 0-0 Ne4 12. Ne5 Nf8 13. c4 f6 14. Nf3 f5 15. Bd2 g5 16. fxg5 Bxg5 17. Ne5 Bf6 18. Nf3 g5 19. Be1 Qc7 20. g3 Qh7 21. Qe2 Nd7 22. cxd5 exd5 23. Rc1 0-0-0 24. b4 Kb8 25. b5 c5 26. dxc5 Ndxc5 27. Bxe4 Nxe4 28. Qg2 g4 29. Nd4 Bxd4 30. exd4 Ng5 31. Rc3 Rde8 32. Bd2 Nf3+ 33. Rfxf3 gxf3 34. Bf4+ Ka8 35. Rxf3 Re1+ 36. Kf2 Rb1 37. Rb3 Rxb3 38. axb3 Qxh2 39. Be5 Qxg2+ 40. Kxg2 Rg8 41. Kf3 Rg4 42. Ke3 Re4+ 43. Kd3 b6 44. Bf4 Kb7 45. Be5 Kc8 46. Bf4 Kd7 47. Be5 Re1 48. Bb8 Rb1 49. Kc3 Rf1 50. Bf4 Rf3+ 51. Kc2 Rf2+ 52. Kd3 Ke6 53. Bb8 Ra2 54. Kc3 Kf6 55. Bf4 Kg6 56. Bc7 Kh5 57. Kb4 Kg4 58. Bb8 Kf3 59. Kc3 Ke4 60. Be5 Rh2 61. Bf4 Rh8 62. Be5 Rg8 63. Kb4 Kf3 64. Kc3 Rxg3 0-1

[Event "Kiel op 22nd"]
[Site "Kiel"]
[Date "2009.08.04"]
[Round "6"]
[White "Joppien, Arne"]
[Black "Dyrgaard, Kristoffer"]
[Result "1/2-1/2"]
[WhiteElo "2038"]
[BlackElo "2198"]
[PlyCount "57"]
[EventDate "2009.08.01"]
[EventType "swiss"]
[EventRounds "7"]
[EventCountry "GER"]
[SourceTitle "EXT 2010"]
[Source "ChessBase"]
[SourceDate "2010.11.25"]
[SourceVersion "1"]
[SourceVersionDate "2010.11.25"]
[SourceQuality "1"]

1. d4 Nf6 2. c4 g6 3. Nc3 d5 4. Nf3 Bg7 5. Bg5 Ne4 6. Bh4 Nxc3 7. bxc3 dxc4 8. Qa4+ Nd7 9. Qxc4 c5 10. e3 0-0 11. Be2 cxd4 12. exd4 Nf6 13. 0-0 b6 14. Ne5 Bb7 15. Qd3 Qc7 16. Rac1 Rac8 17. c4 e6 18. Rfd1 Ne4 19. Ng4 h5 20. f3 Nc5 21. dxc5 hxg4 22. cxb6 Qxb6+ 23. Bf2 Qc6 24. Bxa7 gxf3 25. Bxf3 Qa6 26. Bf2 Bxf3 27. gxf3 Qxa2 28. c5 Qa8 29. Kg2 1/2-1/2

[Event "Schleswig Holstein-ch VM 64th"]
[Site "Altenholz"]
[Date "2009.04.06"]
[Round "3"]
[White "Haffner, Alexander"]
[Black "Joppien, Arne"]
[Result "1-0"]
[WhiteElo "2176"]
[BlackElo "2028"]
[PlyCount "93"]
[EventDate "2009.04.04"]
[EventType "swiss"]
[EventRounds "9"]
[EventCountry "GER"]
[SourceTitle "CBM 129 Extra"]
[Source "ChessBase"]
[SourceDate "2009.05.05"]
[SourceVersion "2"]
[SourceVersionDate "2009.05.20"]
[SourceQuality "1"]

1. Nf3 c5 2. e4 Nc6 3. d4 cxd4 4. Nxd4 a6 5. Nc3 e5 6. Nb3 Nf6 7. Bg5 Be7 8. Qd2 d6 9. Be2 Be6 10. 0-0 0-0 11. Rad1 Ne8 12. Be3 f5 13. exf5 Bxf5 14. Nd5 Kh8 15. c3 Be6 16. Bb6 Qd7 17. c4 Bd8 18. Be3 Qf7 19. f4 Bf6 20. Nb6 Rd8 21. f5 Bc8 22. Nd5 Bd7 23. Bf3 Bc8 24. Bb6 Rd7 25. Qe2 Bd8 26. Bh5 Qg8 27. Be3 Nf6 28. Nxf6 Bxf6 29. Bf3 Qf7 30. Bd5 Qe7 31. c5 Bg5 32. Bxg5 Qxg5 33. Be6 Rdd8 34. cxd6 Bd7 35. Nc5 Be8 36. Nxb7 Bh5 37. Qd2 Qf6 38. Nxd8 Rxd8 39. Rc1 Nd4 40. d7 Ne2+ 41. Kh1 Qh4 42. Qe1 Qg5 43. Rc8 h6 44. f6 gxf6 45. Rxd8+ Kh7 46. Bf5+ Kg7 47. Qb4 1-0

[Event "Schleswig Holstein-ch VM 64th"]
[Site "Altenholz"]
[Date "2009.04.05"]
[Round "2"]
[White "Schluenz, Wolfgang"]
[Black "Joppien, Arne"]
[Result "0-1"]
[WhiteElo "2009"]
[BlackElo "2028"]
[PlyCount "56"]
[EventDate "2009.04.04"]
[EventType "swiss"]
[EventRounds "9"]
[EventCountry "GER"]
[SourceTitle "CBM 129 Extra"]
[Source "ChessBase"]
[SourceDate "2009.05.05"]
[SourceVersion "2"]
[SourceVersionDate "2009.05.20"]
[SourceQuality "1"]

1. e4 c6 2. d4 d5 3. e5 Bf5 4. Ne2 e6 5. Ng3 Bg6 6. Bd3 Bxd3 7. Qxd3 Qa5+ 8. c3 Qa6 9. Qe3 Ne7 10. f4 Nd7 11. Nd2 b6 12. Nf3 c5 13. f5 Nc6 14. fxe6 fxe6 15. Ng5 cxd4 16. cxd4 Nd8 17. Bd2 Be7 18. Nf3 Rc8 19. Ne2 0-0 20. a3 Nf7 21. h4 Nh6 22. Bc3 Ng4 23. Qd2 Qc4 24. Nf4 Ndxe5 25. Nxe5 Nxe5 26. Nxe6 Nd3+ 27. Kd1 Rf2 28. Qe3 Qb3# 0-1